State Quiz - Kentucky - Statistics

General Stats
  • This quiz has been taken 32,342 times
    28,294 since last reset
  • The average score is 14 of 21
Answer Stats
Hint Answer % Correct
Style of music named for a type of grass Bluegrass
87%
Most famous horse race Kentucky Derby
87%
Capital city Frankfort
84%
Most populous cities Louisville
83%
Famous athlete born Cassius Clay Muhammad Ali
80%
Army fort that stores a lot of gold Fort Knox
79%
Type of whiskey that Kentucky is famous for Bourbon
77%
What Harland Sanders was famous for Kentucky Fried Chicken
75%
River on Kentucky's northern border Ohio
74%
Top cash crop, historically Tobacco
73%
Most populous cities Lexington
67%
President born in Kentucky Abraham Lincoln
65%
Longest-serving Senate Republican leader Mitch McConnell
61%
World's longest cave system {Mammoth} Caves
59%
Famous feuding families McCoys
57%
Famous feuding families Hatfields
55%
Track where that race is held {Churchill} Downs
53%
Most famous frontiersman Daniel Boone
51%
The nation's winningest men's college basketball program Kentucky {Wildcats}
51%
Appalachian mountain pass {Cumberland} Gap
50%
State song (hint: has Kentucky in its name) My Old Kentucky Home
34%
No matching quizzes found
Score Distribution
Percent of People with Each Score
Percentile by Number Answered
Your Score History
You have not taken this quiz since the last reset